A Dream Deferred Quiz Stats

 Plays Quiz Updated Mar 30, 2020

Support Sporcle.
Go Orange.
Score 0/51 Timer 03:00
0 Plays Today
% Correct
a
98.2%
a
98.2%
a
98.2%
a
98.2%
a
98.2%
dream
95.3%
deferred?
90.7%
the
83.7%
What
81.5%
it
81.2%
it
81.2%
it
81.2%
it
81.2%
to
76.9%
in
72.9%
Does
68.8%
Does
68.8%
does
68.8%
happens
63.8%
Or
60.9%
Or
60.9%
Or
60.9%
like
60.5%
like
60.5%
like
60.5%
like
60.5%
% Correct
like
60.5%
sun?
54.5%
up
54.3%
raisin
53.2%
and
52.5%
and
52.5%
dry
47.8%
explode?
44.9%
then
33.6%
fester
32.4%
sore-
31%
run?
29.7%
over
27%
sweet?
26.4%
meat?
25.3%
rotten
24.8%
load.
24.1%
heavy
23.9%
crust
23.7%
stink
23.6%
sugar
23.5%
just
23.5%
syrupy
22.9%
Maybe
22.3%
sags
19.2%

You're not logged in!

Compare scores with friends on all Sporcle quizzes.
OR
Log In

From the Vault

Fill in the Rhyme: Christmas Songs

by HPGirl

Just because it rhymes doesn't mean it's right, though.
Remove Ads.
Support Sporcle.
Get the best of Sporcle when you Go Orange. This ad-free experience offers more features, more stats, and more fun while also helping to support Sporcle. Thank you for becoming a member.

Show Comments

Extras

Top Quizzes Today


Score Distribution

Your Account Isn't Verified!

In order to create a playlist on Sporcle, you need to verify the email address you used during registration. Go to your Sporcle Settings to finish the process.

Report this User

Report this user for behavior that violates our Community Guidelines.

Details: